000 01312nam2a22002531 4500
001 RU\NLR\INFOCOMM31\5000092622
005 20250617031812.0
035 _a(NLR Aleph) 002410196
090 _a1812367
_c1812367
100 _a20050119d1982 |||y0rusy50 ca
101 0 _arus
102 _aRU
105 _ay ||||000|y
200 1 _aЗависимость решения уравнений пограничного слоя во втором приближении от выбора системы координат
_fИ.В. Петухов
210 _d1982
_aБ. м.
461 0 _1001RU\NLR\INFOCOMM31\5000085815
_12001#$aТруды ЦАГИ$fЦентр. аэрогидродинам. ин-т им. проф. Н.Е. Жуковского$vВып.2165
_93998286
_aЦентральный аэрогидродинамический институт им. Н. Е. Жуковского (Москва)
_cМ.
_d1923 -
_fЦентр. аэрогидродинам. ин-т им. проф. Н.Е. Жуковского
_nИзд-во Бюро новой техники НКАП
_tТруды ЦАГИ
_x2588-0098
_vВып.2165
700 1 _aПетухов
_bИ.В.
_4070
801 1 _aRU
_bInfoComm
_c20050129
801 0 _aRU
_bNLR
_gPSBO
852 _aNLR
_jП11/665
942 _cISSUE
980 _aNB
980 _aRUSPER